Every FBS College Football Team - Statistics

General Stats
  • This quiz has been taken 28 times
  • The average score is 100 of 136
Answer Stats
Conference School % Correct
ACC Miami
100%
American Army
94%
ACC Clemson
94%
SEC Georgia
94%
SEC LSU
94%
SEC Missouri
94%
MAC Ohio
94%
Big 12 Arizona
89%
Big 12 Arizona State
89%
SEC Arkansas
89%
Big 12 Baylor
89%
ACC Boston College
89%
ACC California
89%
Big 12 Colorado
89%
ACC Duke
89%
SEC Florida
89%
ACC Florida State
89%
ACC Georgia Tech
89%
Big Ten Indiana
89%
Big Ten Iowa
89%
Big 12 Iowa State
89%
Big Ten Michigan
89%
Big Ten Michigan State
89%
Big Ten Minnesota
89%
American Navy
89%
ACC North Carolina
89%
Big Ten Northwestern
89%
Independents Notre Dame
89%
Big Ten Ohio State
89%
Big Ten Oregon
89%
SEC Texas
89%
Big 12 Texas Tech
89%
Big Ten USC
89%
ACC Virginia
89%
MWC Air Force
83%
SEC Alabama
83%
Big 12 BYU
83%
Big 12 Houston
83%
Big Ten Illinois
83%
Big 12 Kansas
83%
Big 12 Kansas State
83%
Big Ten Maryland
83%
ACC NC State
83%
Big Ten Nebraska
83%
SEC Oklahoma
83%
Big 12 Oklahoma State
83%
Big Ten Penn State
83%
CUSA Sam Houston
83%
SEC South Carolina
83%
Big Ten UCLA
83%
Independents UConn
83%
SEC Vanderbilt
83%
ACC Virginia Tech
83%
Big Ten Washington
83%
MAC Akron
78%
SEC Auburn
78%
MWC Colorado State
78%
SEC Kentucky
78%
Sun Belt Louisiana
78%
Pac-12 Oregon State
78%
Big Ten Rutgers
78%
MWC San Diego State
78%
ACC SMU
78%
SEC Tennessee
78%
SEC Texas A&M
78%
MAC UMass
78%
Big 12 Utah
78%
Pac-12 Washington State
78%
Big Ten Wisconsin
78%
MAC Buffalo
72%
Big 12 Cincinnati
72%
MWC Fresno State
72%
CUSA Jacksonville State
72%
CUSA Kennesaw State
72%
ACC Louisville
72%
American Memphis
72%
SEC Mississippi State
72%
MWC New Mexico
72%
CUSA New Mexico State
72%
SEC Ole Miss
72%
ACC Syracuse
72%
Big 12 UCF
72%
MWC UNLV
72%
MWC Utah State
72%
ACC Wake Forest
72%
Big 12 West Virginia
72%
MWC Boise State
67%
MAC Central Michigan
67%
MAC Eastern Michigan
67%
Sun Belt James Madison
67%
MAC Northern Illinois
67%
Big Ten Purdue
67%
American South Florida
67%
ACC Stanford
67%
MAC Western Michigan
67%
CUSA Delaware
61%
American East Carolina
61%
MAC Kent State
61%
CUSA Louisiana Tech
61%
Sun Belt Marshall
61%
American North Texas
61%
ACC Pittsburgh
61%
American Temple
61%
MAC Toledo
61%
American Tulane
61%
American Tulsa
61%
American UAB
61%
CUSA UTEP
61%
American UTSA
61%
CUSA Western Kentucky
61%
MWC Wyoming
61%
MAC Ball State
56%
MAC Bowling Green
56%
American Florida Atlantic
56%
Sun Belt Georgia State
56%
MWC Hawai'i
56%
CUSA Middle Tennessee
56%
CUSA Missouri State
56%
MWC Nevada
56%
American Rice
56%
MWC San Jose State
56%
Sun Belt Texas State
56%
Sun Belt Arkansas State
50%
Sun Belt Coastal Carolina
50%
CUSA Liberty
50%
MAC Miami OH
50%
Big 12 TCU
50%
Sun Belt Troy
50%
Sun Belt Appalachian State
44%
CUSA FIU
44%
Sun Belt Georgia Southern
44%
Sun Belt Old Dominion
44%
Sun Belt South Alabama
44%
Sun Belt Southern Miss
44%
American Charlotte
39%
Sun Belt UL Monroe
28%
No matching quizzes found
Score Distribution
Percent of People with Each Score
Percentile by Number Answered
Your Score History
You have not taken this quiz